[Event "Mais um para não perder o embal"]
[Site "http://www.queenalice.com/game.php?id=381139"]
[Date "2008.4.2"]
[Round "-"]
[White "roquefrizzo"]
[Black "leomoraes"]
[Result "0-1"]
[WhiteElo "1420"]
[BlackElo "1694"]

1. d4 d5 2. Nc3 e6 3. e4 Bb4 4. Qd3 a6 5. exd5 Qxd5 6. Qg3 Qxd4 7. Qxc7 Nd7 8.
Be3 Qd5 9. Rd1 Qxa2 10. Rxd7 Bxd7 11. Qxb7 Bxc3+ 12. bxc3 Qa1+ 13. Ke2 Bb5+ 14.
Kf3 Rd8 15. Bxb5+ axb5 16. Qxb5+ Rd7 17. c4 Qa8+ 18. Ke2 Nf6 19. Qg5 O-O 20. h4
Qe4 21. Rh3 Qxc2+ 22. Kf3 Qxc4 23. Rg3 Ne8 24. Qh6 g6 25. Rg4 Qd5+ 26. Kg3 Ng7
27. Rd4 Qc6 28. Nf3 Nf5+ 29. Kh3 Nxh6 30. Bxh6 Rfd8 31. Rxd7 Qxd7 32. Bg5 Rc8
33. g3 e5+ 34. g4 e4 35. Ne5 Rc3+ 36. Kg2 Qe6 37. Bf4 f6 38. Nxg6 Qxg4+ 39. Bg3
Qxg6 40. Kf1 Qg4 41. Ke1 Rc1+ 42. Kd2 Qd1+ 43. Ke3 Qf3+ 44. Kd2 Rd1+ 45. Kc2
Qd3+ 0-1

[Event "...lets go..."]
[Site "http://www.queenalice.com/game.php?id=400831"]
[Date "2008.5.10"]
[Round "-"]
[White "manica76"]
[Black "leomoraes"]
[Result "0-1"]
[WhiteElo "1373"]
[BlackElo "1699"]

1. e4 d5 2. Qf3 d4 3. Bd3 Nc6 4. Na3 e5 5. Nc4 Bd6 6. Nxd6+ Qxd6 7. Bc4 Be6 8.
Bd5 Bxd5 9. exd5 Nce7 10. d3 Nxd5 11. b3 Ngf6 12. Qh3 O-O 13. Nf3 h6 14. O-O Nc3
15. Re1 Rfe8 16. Bd2 e4 17. dxe4 Nfxe4 18. Bxh6 Qxh6 19. Nxd4 Qf6 20. Rf1 Qxd4
21. Rae1 Re6 22. Re3 Qd2 23. Ree1 Ne2+ 24. Kh1 Nxf2+ 25. Rxf2 Qxe1+ 26. Rf1
Qxf1# 0-1

[Event "...vê se perde esta!"]
[Site "http://www.queenalice.com/game.php?id=418728"]
[Date "2008.6.16"]
[Round "-"]
[White "manica76"]
[Black "leomoraes"]
[Result "1/2-1/2"]
[WhiteElo "1396"]
[BlackElo "1716"]

1. e4 e5 2. Nf3 d6 3. Bc4 Qe7 4. O-O Be6 5. Na3 c6 6. d3 Nd7 7. Qe1 a5 8. Bd2 a4
9. Bb4 b5 10. Bxe6 Qxe6 11. Ba5 d5 12. exd5 Qxd5 13. Bc3 Bd6 14. b4 Ne7 15. Qe3
O-O 16. d4 e4 17. Ng5 Nf6 18. Rfe1 Nf5 19. Qd2 Rfe8 20. Re2 h6 21. Nh3 Ng4 22.
Nf4 Bxf4 23. Qxf4 Nf6 24. Bd2 Qxd4 25. c3 Qd7 26. Rae1 Nd5 27. Qg4 Nf6 28. Qh3
Qd5 29. Bf4 g5 30. Bc1 Re6 31. Rd2 Qe5 32. Red1 e3 33. Rd8+ Rxd8 34. Rxd8+ Kg7
35. Kf1 g4 36. Qxg4+ Kh7 37. Qd1 Qxc3 38. fxe3 Rxe3 39. Rf8 Rd3 40. Rxf7+ Kg6
41. Qc2 Ne3+ 42. Bxe3 Kxf7 43. Bd4 Qxa3 44. Bxf6 Kxf6 45. Qxc6+ Ke5 46. Qe8+ Kd4
47. Qh8+ Kc4 48. Qg8+ Kxb4 49. Qf8+ Ka5 50. Qa8+ 1/2-1/2

[Event "Challenge"]
[Site "http://www.queenalice.com/game.php?id=421278"]
[Date "2008.6.21"]
[Round "-"]
[White "b3nedtiojr"]
[Black "leomoraes"]
[Result "0-1"]
[WhiteElo "1321"]
[BlackElo "1714"]

1. e4 e5 2. Nf3 d6 3. Bc4 Bg4 4. h3 Bxf3 5. Qxf3 Nf6 6. O-O Nc6 7. Qb3 Qd7 8.
Qxb7 Rb8 9. Qa6 Nxe4 10. Bb5 Rb6 11. Qa4 Nc5 12. b4 Nxa4 13. Bxa4 Rxb4 14. Bb3
Be7 15. c3 Rf4 16. d4 Rf6 17. Bg5 Rg6 18. h4 h6 19. Bxe7 Qxe7 20. Bc2 Rg4 21. g3
e4 22. Nd2 d5 23. Ba4 Qd6 24. Rab1 O-O 25. c4 Nxd4 26. Rb7 Ne2+ 27. Kh1 Nxg3+
28. Kg2 Nf5+ 29. Kh1 Rxh4+ 0-1

[Event "Challenge"]
[Site "http://www.queenalice.com/game.php?id=422477"]
[Date "2008.6.24"]
[Round "-"]
[White "pabloitu"]
[Black "leomoraes"]
[Result "0-1"]
[WhiteElo "1322"]
[BlackElo "1710"]

1. e4 d5 2. Qf3 d4 3. Bc4 e6 4. h4 Nc6 5. Nh3 Qxh4 6. g3 Qe7 7. e5 Nxe5 8. Qf4
Nxc4 9. Qxd4 Nd6 10. Nc3 c6 11. d3 Nf5 12. Qe4 h6 13. Nf4 Nf6 14. Qe5 Qd7 15. g4
Nxg4 16. d4 Nxd4 17. Be3 Nxc2+ 18. Ke2 Nxe5 19. Rad1 Bd6 20. Rh5 g5 21. Nd3 f6
22. f4 Nf7 23. Kd2 Nxe3 24. Kxe3 e5 25. fxg5 Qg4 26. Rdh1 Nxg5 27. R5h4 Qf3+ 28.
Kd2 Bf5 29. Ne1 Qf2+ 30. Ne2 Nf3+ 31. Nxf3 O-O-O 32. R4h2 Bb4+ 33. Kc1 Qe3+ 34.
Nd2 Qxd2# 0-1

[Event "...começou a ficar bom!!!"]
[Site "http://www.queenalice.com/game.php?id=432856"]
[Date "2008.7.13"]
[Round "-"]
[White "manica76"]
[Black "leomoraes"]
[Result "1/2-1/2"]
[WhiteElo "1427"]
[BlackElo "1717"]

1. e4 d5 2. Nc3 d4 3. Nd5 c6 4. Nf4 e5 5. Nfh3 Nf6 6. Bc4 Nxe4 7. d3 Nd6 8. Ng5
f6 9. Qh5+ g6 10. Qh4 h6 11. Ne6 Bxe6 12. Bxe6 Qe7 13. Qh3 f5 14. Bb3 e4 15. Ne2
Nd7 16. Nxd4 exd3+ 17. Qe3 c5 18. Ne6 Rc8 19. O-O c4 20. Ba4 b5 21. b3 Ne5 22.
Qxe5 bxa4 23. Qxh8 Qxe6 24. Bxh6 Ke7 25. Rae1 Ne4 26. Bxf8+ Rxf8 27. Qh4+ Qf6
28. Rxe4+ fxe4 29. Qxe4+ Kf7 30. cxd3 Qb2 31. Qxc4+ Kg7 32. Qxa4 Rf7 33. f3 Qe2
34. h4 Qe3+ 35. Kh2 Qxd3 36. Kg3 Qxf1 37. Qd4+ Kh7 38. a4 Rb7 39. Qe4 Qa6 40. h5
Qd6+ 41. f4 Rxb3+ 42. Kh2 Kh6 43. g4 Qd2+ 44. Qg2 Qxf4+ 45. Kh1 Rb1+ 1/2-1/2

[Event "Amigos do Manica"]
[Site "http://www.queenalice.com/game.php?id=432872"]
[Date "2008.7.13"]
[Round "-"]
[White "leomoraes"]
[Black "GuilhermeEhlers"]
[Result "1-0"]
[WhiteElo "1715"]
[BlackElo "1788"]

1. e4 e5 2. Nf3 Nc6 3. a3 Bc5 4. b4 Bd4 5. c3 Bb6 6. d3 h6 7. b5 Na5 8. Nxe5 Qh4
9. g3 Qf6 10. Nf3 Nb3 11. Bb2 Nxa1 12. Bxa1 d6 13. Nbd2 Qe6 14. c4 Nf6 15. Bg2
O-O 16. O-O a6 17. a4 axb5 18. axb5 Ra3 19. Ne1 Ng4 20. d4 Qg6 21. h3 Nf6 22.
Nc2 Ra2 23. Qb1 Ra4 24. Qb3 Ra7 25. Kh2 Ba5 26. Qa2 Qh5 27. f3 Bd7 28. e5 dxe5
29. dxe5 Nh7 30. Bd4 Bb6 31. Qb2 Bxd4 32. Qxd4 Ra4 33. Qxd7 Qxe5 34. Qd3 Re8 35.
Re1 Qxe1 36. Nxe1 Rxe1 37. h4 Ra2 38. Nf1 Ree2 39. Ne3 Rad2 40. Qa3 g5 41. Kg1
Nf6 42. Bh3 Re1+ 43. Nf1 Nh5 44. Qc3 Rdd1 45. Kf2 gxh4 46. gxh4 Nf4 47. Bg2 Re2+
48. Kg3 Nxg2 49. Nh2 Nxh4 50. Kxh4 Rxh2+ 51. Kg3 Rdd2 52. Qe5 Rhg2+ 53. Kf4 c6
54. b6 Rd7 55. Qe8+ Kg7 56. Qxd7 1-0

[Event "manica76"]
[Site "http://www.queenalice.com/game.php?id=437125"]
[Date "2008.7.22"]
[Round "1"]
[White "manica76"]
[Black "leomoraes"]
[Result "0-1"]
[WhiteElo "1439"]
[BlackElo "1705"]

1. e4 e5 2. Nf3 d6 3. Bc4 h6 4. O-O Nf6 5. d3 Be7 6. Nc3 O-O 7. a4 a5 8. Ra3 d5
9. exd5 Bxa3 10. bxa3 Re8 11. Nb5 c6 12. dxc6 Nxc6 13. Bb2 Bg4 14. Re1 Nd7 15.
Nd6 Re7 16. Re4 Bh5 17. g3 Nf6 18. Bxe5 Nxe5 19. Nxf7 Nxf7 20. Rxe7 Qxe7 21.
Bxf7+ Qxf7 22. Qe1 Bxf3 23. Qe5 Re8 24. Qa1 Ng4 25. h3 Qh5 26. h4 Qc5 27. d4
Qxc2 28. Qf1 Re2 29. h5 Rxf2 30. Qb5 Qd1+ 31. Qf1 Rg2+ 0-1

[Event "manica76"]
[Site "http://www.queenalice.com/game.php?id=447426"]
[Date "2008.8.11"]
[Round "2"]
[White "leomoraes"]
[Black "espiga"]
[Result "1-0"]
[WhiteElo "1712"]
[BlackElo "1429"]

1. d4 d5 2. e3 Bf5 3. Nc3 a6 4. Bd3 Bxd3 5. Qxd3 e6 6. Nf3 Bb4 7. Bd2 Qf6 8. Na4
Bxd2+ 9. Qxd2 Qg6 10. O-O Nf6 11. Ne5 Ne4 12. Qb4 Qf5 13. Qxb7 O-O 14. Qxa8 f6
15. Nd3 Nd7 16. Qxa6 e5 17. Qc6 exd4 18. exd4 Nd2 19. Rfe1 Nc4 20. Nb4 g5 21.
Nxd5 Nd2 22. Ne7+ Kf7 23. Nxf5 Nb8 24. Qxc7+ Kg6 25. Ne7+ Kh5 26. h3 Na6 27. g4+
Kh6 28. Nf5+ Kg6 29. Qg7# 1-0

[Event "Amigos do Mânic"]
[Site "http://www.queenalice.com/game.php?id=470850"]
[Date "2008.9.30"]
[Round "1"]
[White "leomoraes"]
[Black "Virgilio"]
[Result "0-1"]
[WhiteElo "1710"]
[BlackElo "2191"]

1. e4 e5 2. Nf3 Nc6 3. Bb5 Bc5 4. O-O d6 5. Bxc6+ bxc6 6. d4 exd4 7. Nxd4 Ne7 8.
c3 h6 9. b4 Bb6 10. Qf3 Bd7 11. Re1 c5 12. Nf5 g5 13. Bb2 Ng6 14. c4 Ne5 15. Qg3
f6 16. a3 cxb4 17. Ng7+ Kf7 18. Nf5 Nxc4 19. Qb3 Be6 20. Nd4 Bxd4 21. Bxd4 bxa3
22. Nxa3 Nd2 23. Qd3 Nb3 24. Rab1 Nxd4 25. Qxd4 Qd7 26. Rb7 Qc6 27. Rxa7 Rxa7
28. Qxa7 Re8 29. Qa5 Ra8 0-1

[Event "Challenge"]
[Site "http://www.queenalice.com/game.php?id=470958"]
[Date "2008.10.1"]
[Round "-"]
[White "manica76"]
[Black "leomoraes"]
[Result "1/2-1/2"]
[WhiteElo "1479"]
[BlackElo "1720"]

1. e4 e5 2. Bc4 Nf6 3. d3 Bc5 4. Nf3 d6 5. Nc3 c6 6. Bg5 Bg4 7. Qe2 Bb4 8. a3
Bxc3+ 9. bxc3 Qa5 10. h3 Qxc3+ 11. Qd2 Qxa1+ 12. Qc1 Qc3+ 13. Bd2 Bxf3 14. Bxc3
Bxg2 15. Rg1 Bxh3 16. Rxg7 Be6 17. Qg5 Nbd7 18. f4 O-O-O 19. f5 Bxc4 20. Bb4 c5
21. Ba5 b6 22. dxc4 Nxe4 23. Qe7 Ndf6 24. Rxf7 Rd7 25. Rf8+ Kc7 26. Qxd7+ Kxd7
27. Rxh8 bxa5 28. Ke2 Ng3+ 29. Kf3 Nxf5 30. Ke2 h5 31. Ra8 h4 32. Rxa7+ Ke6 33.
Rxa5 h3 34. Kf2 h2 35. Kg2 Ng4 36. Ra8 Nfe3+ 37. Kh1 Nxc4 38. Rg8 Kf5 39. a4 Kf4
40. Kg2 Nce3+ 41. Kh1 Nc4 42. Rh8 Kg3 43. Rg8 e4 44. a5 e3 45. a6 e2 46. Rxg4+
Kxg4 47. a7 e1=Q+ 48. Kxh2 Qg3+ 49. Kh1 Nb6 50. c4 Kh3 51. a8=Q Nxa8 1/2-1/2

[Event "Dá uma chance pro tio!"]
[Site "http://www.queenalice.com/game.php?id=495294"]
[Date "2008.11.19"]
[Round "-"]
[White "manica76"]
[Black "leomoraes"]
[Result "0-1"]
[WhiteElo "1477"]
[BlackElo "1708"]

1. e4 d5 2. Nc3 d4 3. Nd5 e6 4. Nf4 g5 5. Nd3 Nc6 6. a3 e5 7. Nf3 Bd6 8. Be2 g4
9. Ng1 h5 10. g3 Nf6 11. f3 Be6 12. h3 Rg8 13. Nf2 a6 14. hxg4 hxg4 15. Nxg4
Bxg4 16. fxg4 Nxe4 17. d3 Nxg3 18. Rh2 Qe7 19. g5 O-O-O 20. Bg4+ Kb8 21. Rf2 e4
22. Ne2 e3 23. Nxg3 Bxg3 24. Kf1 Bxf2 25. c4 Qxg5 26. b4 Rh8 27. Kg2 Ne5 28.
Bxe3 Qxe3 29. Qe2 Qg3+ 0-1

[Event "Adeus-2008"]
[Site "http://www.queenalice.com/game.php?id=514909"]
[Date "2008.12.30"]
[Round "-"]
[White "leomoraes"]
[Black "manica76"]
[Result "1/2-1/2"]
[WhiteElo "1734"]
[BlackElo "1466"]

1. Nf3 d6 2. h3 e5 3. Nc3 Nf6 4. e4 c6 5. d4 c5 6. dxe5 Nfd7 7. exd6 Na6 8. Bxa6
bxa6 9. O-O Bb7 10. Re1 Qf6 11. e5 Qe6 12. Ng5 Qf5 13. Nd5 O-O-O 14. Nf3 Nb6 15.
Nh4 Qe6 16. Nf4 Qc4 17. b3 Qd4 18. Be3 Qxe5 19. Nf3 Qxd6 20. Qxd6 Bxd6 21. Ng5
Rhe8 22. Nxf7 Rd7 23. Nxd6+ Rxd6 24. Bxc5 Rxe1+ 25. Rxe1 Rd2 26. Rc1 Nd5 27. Nd3
Nc3 28. Be3 Rd1+ 29. Rxd1 Nxd1 30. Bxa7 Nc3 31. Bd4 Ne2+ 32. Kf1 Nxd4 33. c4 Kc7
34. f4 Nc2 35. Kf2 Kd6 36. g4 Be4 37. Ne1 Nb4 38. a3 Nc2 39. Nxc2 Bxc2 40. b4
Bd3 41. c5+ Kc6 42. Ke3 Bb1 43. f5 Bc2 44. h4 Kd5 45. Kf4 h6 46. g5 hxg5+ 47.
hxg5 Ba4 48. f6 Ke6 49. Ke4 gxf6 50. gxf6 1/2-1/2

[Event "Challenge"]
[Site "http://www.queenalice.com/game.php?id=540750"]
[Date "2009.2.15"]
[Round "-"]
[White "leomoraes"]
[Black "manica76"]
[Result "1-0"]
[WhiteElo "1723"]
[BlackElo "1493"]

1. g3 e5 2. a3 b6 3. Bg2 c6 4. Nf3 Qc7 5. O-O Bd6 6. d4 e4 7. Ne1 Nf6 8. Bg5 Na6
9. Bxf6 gxf6 10. Bxe4 Bb7 11. c4 O-O-O 12. Nc3 c5 13. dxc5 Nxc5 14. Nb5 Qb8 15.
Nxd6+ Kc7 16. Nxf7 Bxe4 17. Nxh8 Rxh8 18. b4 Ne6 19. f3 Bc6 20. b5 Ba8 21. Nc2
h5 22. h3 Rg8 23. Kf2 Kd8 24. Rg1 Ng5 25. Rh1 Qd6 26. Qxd6 1-0

[Event "Que burro!"]
[Site "http://www.queenalice.com/game.php?id=559148"]
[Date "2009.3.20"]
[Round "-"]
[White "manica76"]
[Black "leomoraes"]
[Result "1-0"]
[WhiteElo "1475"]
[BlackElo "1730"]

1. e4 e5 2. Bc4 Qe7 3. Qh5 g6 4. Qf3 Nh6 5. d3 f6 6. b3 d6 7. Nc3 c6 8. Bb2 Bg4
9. Qe3 Nd7 10. d4 f5 11. Nf3 f4 12. Qd2 Bxf3 13. gxf3 Qg5 14. Ke2 b5 15. Be6
O-O-O 16. Rhg1 Qf6 17. d5 Kc7 18. Nxb5+ Kb6 19. a4 Nc5 20. Qb4 a5 21. Qc4 Ra8
22. Bd7 cxb5 23. Qxb5+ Ka7 24. Bc6 Rb8 25. Qxa5+ Na6 26. Bb5 Rxb5 27. axb5 Qe7
28. Qxa6+ Kb8 29. Qa8+ Kc7 30. Qc6+ Kb8 31. Ra8# 1-0

[Event "manica76-2"]
[Site "http://www.queenalice.com/game.php?id=573221"]
[Date "2009.4.17"]
[Round "1"]
[White "manica76"]
[Black "leomoraes"]
[Result "0-1"]
[WhiteElo "1524"]
[BlackElo "1704"]

1. e4 e5 2. Bc4 Nh6 3. Nf3 d6 4. d3 g6 5. Bg5 Qd7 6. Nc3 c6 7. h3 Ng8 8. h4 h6
9. Be3 Be7 10. Qd2 Qg4 11. O-O Bxh4 12. Nh2 Qd7 13. f4 f6 14. f5 g5 15. Ng4 h5
16. Bxg8 hxg4 17. Be6 Qh7 18. Ne2 g3 19. Rfb1 Qh5 20. Bxc8 g4 21. Bxb7 Bg5 22.
Nxg3 Qh2+ 23. Kf2 Bh4 24. Rh1 Qxg3+ 25. Kg1 Rh7 26. Bxa8 c5 27. Bh6 Rxh6 28. Rf1
Bg5 29. Qe2 Be3+ 30. Rf2 Bxf2+ 31. Qxf2 Qxf2+ 32. Kxf2 Rxh1 33. Kg3 Rg1 34. c4
Na6 35. a4 Nb4 36. b3 a5 37. Bb7 Kf7 38. Bc8 Kg7 39. Kf2 Rb1 40. Kg3 Rxb3 41.
Kxg4 Rxd3 42. g3 Rd4 43. Be6 Rxe4+ 44. Kh5 Rd4 45. Bd5 e4 46. Bxe4 Rxe4 47. g4
d5 48. cxd5 c4 49. d6 c3 50. d7 Nc6 51. d8=Q Nxd8 52. g5 c2 53. g6 Re8 54. Kg4
c1=R 55. Kh3 Re4 56. Kg3 Rf1 57. Kg2 Ref4 58. Kg3 Rxa4 59. Kg2 Rb1 60. Kf3 Rb3+
61. Ke2 Ra2+ 62. Kd1 Rb1# 0-1

[Event "Challenge"]
[Site "http://www.queenalice.com/game.php?id=583886"]
[Date "2009.5.6"]
[Round "-"]
[White "manica76"]
[Black "leomoraes"]
[Result "0-1"]
[WhiteElo "1501"]
[BlackElo "1715"]

1. a4 a5 2. h4 h5 3. Ra3 e6 4. e4 Bxa3 5. Nxa3 b6 6. d4 Bb7 7. Bd3 d5 8. e5 Nc6
9. Nb5 Qe7 10. b3 O-O-O 11. Nf3 f6 12. Qe2 Kb8 13. Bg6 Ba6 14. Ba3 Bxb5 15. Qxb5
Qxa3 16. O-O Na7 17. Qa6 Qe7 18. c3 Qa3 19. exf6 gxf6 20. Bf7 Rd6 21. Re1 Qxb3
22. Bxe6 Ne7 23. Bf7 Nec8 24. Be8 c6 25. Kf1 Rd8 26. Bg6 Qxa4 27. Re6 Kc7 28.
Rxf6 Qa1+ 29. Ke2 Qb2+ 30. Ke3 Rd7 31. Ne5 Qxc3+ 32. Nd3 Nb5 33. Kf4 Qxd4+ 34.
Kg3 Qxf6 35. Nf4 Ne7 36. Nxh5 Qxg6+ 0-1

[Event "manica76-2"]
[Site "http://www.queenalice.com/game.php?id=605015"]
[Date "2009.6.17"]
[Round "2"]
[White "leomoraes"]
[Black "roquefrizzo"]
[Result "1-0"]
[WhiteElo "1722"]
[BlackElo "1530"]

1. e3 Nf6 2. b3 e5 3. Bb2 e4 4. d3 exd3 5. Bxd3 c6 6. Nd2 Qa5 7. a3 Na6 8. Bxf6
gxf6 9. Nf3 Qd5 10. O-O Bd6 11. g3 Rg8 12. Bxh7 Rg7 13. Be4 Qh5 14. b4 Rxg3+ 15.
fxg3 Qh3 16. Kf2 Be5 17. Rb1 d5 18. Bd3 Bg4 19. Rh1 d4 20. e4 Rb8 21. Bf1 Qh5
22. Be2 b5 23. Nh4 Bxe2 24. Qxe2 Qxe2+ 25. Kxe2 c5 26. Nf5 c4 27. h4 d3+ 28.
cxd3 c3 29. Nf3 Bxg3 30. h5 Bf4 31. h6 c2 32. Rbc1 Bxc1 33. Rxc1 Rc8 34. Nd6+
Kf8 35. Nxc8 Kg8 36. Ne7+ Kh7 37. Nf5 Nc7 38. N3d4 a6 39. Nxc2 Ne6 40. Ke3 Ng5
41. Ncd4 Kg6 42. Rh1 Nh7 43. Kf4 Nf8 44. Ne7+ Kh7 45. Ndf5 Ne6+ 46. Kg4 Kh8 47.
d4 a5 48. d5 axb4 49. d6 bxa3 50. d7 b4 51. Nd4 a2 52. Nxe6 fxe6 53. d8=R+ Kh7
54. Kh5 b3 55. Rg1 a1=Q 56. Rg7# 1-0

[Event "manica76-2"]
[Site "http://www.queenalice.com/game.php?id=690611"]
[Date "2009.11.29"]
[Round "3"]
[White "MarcioDiasRamos"]
[Black "leomoraes"]
[Result "1-0"]
[WhiteElo "1797"]
[BlackElo "1730"]

1. e4 Nc6 2. d4 d5 3. e5 a6 4. c3 Bf5 5. Nf3 h6 6. Be2 e6 7. Bf4 g5 8. Bd2 g4 9.
Ng1 Qd7 10. Qb3 Na5 11. Qd1 O-O-O 12. b4 Nc4 13. Bxc4 dxc4 14. Be3 h5 15. Nd2
Bd3 16. f3 f5 17. fxg4 fxg4 18. Bg5 1-0